| 000 | 00689nam a2200229 i 4500 | ||
|---|---|---|---|
| 001 | 36832 | ||
| 003 | ES-MaACL | ||
| 005 | 20250818131133.0 | ||
| 007 | t| | ||
| 008 | 030219s1971 sp f ||||1|bspa d | ||
| 080 | _a929 Hitler, Adolf | ||
| 080 | _a943"1933/45" | ||
| 100 | 1 |
_aBullock, Alan. _932515 |
|
| 245 | 1 | 3 |
_aLa vida fantástica de Adolfo Hitler / _cAlan Bullock. |
| 260 |
_aMadrid : _bCírculo de Amigos de la Historia, _c[1971] |
||
| 300 |
_a3 v., 24 lám. ; _c18 cm. |
||
| 600 | 1 | 4 |
_aHitler, Adolf, _d1889-1945 _963836 |
| 651 | 4 |
_aAlemania- _xHistoria- _y1933-1945. _97663 |
|
| 700 | 2 |
_a _9241839 |
|
| 852 |
_aES-MaACL _jC-40633-35 |
||
| 999 |
_c36832 _d36832 |
||